000
00243 a2200097 4500
000
nam a22 7a 4500
020
_a
9780415644396
100
_a
Leung, Dennis
245
_a
Micro and nano-engineering of fuel cells
260
_b
CRC Press,
_c
2015
999
_c
85618
_d
85618